000 01229nam a2200361 i 4500
001 53811
003 KOSZ 005
005 20220830081443.0
008 130116s2003 pl a f |000 0 pol
020 _a8391896218
040 _cKOSZ 005
_aKOSZ 005
_dKOSZ 005/HR
046 _k2003
080 _a339.7(4-67)
080 _a332.14(438)
245 0 0 _aWojewództwo Zachodniopomorskie na drodze do Unii Europejskiej.
246 1 4 _aWojewództwo Zachodniopomorskie :
_breferendum 7-8 czerwca.
260 _aWarszawa :
_bBiuro ds. Referendum Europejskiego KPRM,
_c2003.
300 _a31, [1] S. :
_bil. ;
_c21 cm.
336 _2rdacontent
_aTekst
_btxt
337 _2rdamedia
_aBez urządzenia pośredniczącego
_bn
338 _2rdacarrier
_aWolumin
_bnc
380 _aDruki ulotne
388 _a2001-
490 1 _aPolska w Unii Europejskiej.
650 4 _aProgramy UE
651 4 _aWojewództwo zachodniopomorskie (1999- )
651 4 _aPolska
655 4 _aInformator
658 _aGospodarka, ekonomia, finanse
830 0 _aPolska w Unii Europejskiej
856 _uhttp://koha.tu.koszalin.pl/cgi-bin/koha/opac-detail.pl?biblionumber=53811
_yKatalog online BPK
942 _cKS
_2UKD
999 _c53811
_d53811